| 000 | 00585nam a22001817a 4500 | ||
|---|---|---|---|
| 999 |
_c188835 _d188835 |
||
| 005 | 20220606121154.0 | ||
| 010 | _aENG-133024 | ||
| 020 |
_a9789386473271 _c495.00 |
||
| 035 | _aEN-116556 | ||
| 037 | _bDBAD/PUB | ||
| 082 | _a363.3250954 | ||
| 100 | _aMani, RVS | ||
| 245 |
_aThe Myth of Hindu Terror: _bInsider Account of Ministry of Home Affairs 2006-2010/ _cRVS Mani |
||
| 260 |
_aNew Delhi _bVitasta Publishing Pvt Ltd _c2018 |
||
| 270 |
_a2/15, Ansari Road, Dariyaganj _bNew Delhi _e110002 |
||
| 300 |
_a219p. _c21cm(pbk) |
||
| 942 |
_2ddc _cEN _mMAN _h363.3250954 |
||